Statistics for Guess the Country by Every Other Letter Missing #5

Click here to take the quiz!

General Stats

  • This quiz has been taken 44 times
    (23 since last reset)
  • The average score is 18 of 24

Answer Stats

Country% Correct
Atga ad BruaAntigua and Barbuda
100%
EytEgypt
95%
GbnGabon
95%
GynGuyana
90%
BlzBelize
86%
Sn MrnSan Marino
86%
Uie KndmUnited Kingdom
86%
KrysaKyrgyzstan
81%
MdgsaMadagascar
81%
NgrNiger
81%
PiipnsPhilippines
81%
Rpbi o te CnoRepublic of the Congo
81%
Slmn IlnsSolomon Islands
81%
TjksaTajikistan
81%
Uie Aa EiaeUnited Arab Emirates
81%
AgniaArgentina
76%
ZmiZambia
76%
SmlaSomalia
67%
CmoiCambodia
57%
LeadIceland
57%
IeadIreland
57%
NraNorway
57%
BlimBelgium
52%
TiaTaiwan
38%

Score Distribution

Percentile by Number Answered

Percent of People with Each Score

Your Score History

You have not taken this quiz since the last reset